|
|
|
|
| LEADER |
01451nam a2200265 a 4500 |
| 001 |
GR-MES3617 |
| 008 |
991111s1980 gr 000 0 gre d |
| 040 |
|
|
|a GrPaTEI
|b gre
|c GR-PaULI
|
| 082 |
|
0 |
|a 341.552
|2 21
|
| 245 |
0 |
3 |
|a Οι σημαντικότερες αποφάσεις του δικαστηρίου των Ευρωπαικών Κοινοτήτων /
|c Jean Boulouis ; Roger-Michael Chevallier.
|
| 260 |
|
|
|a Αθήνα :
|b Σάκκουλας,
|c 1980
|
| 300 |
|
|
|a 485 σ. ;
|c 24 εκ.
|
| 504 |
|
|
|a Ευρετήριο
|
| 505 |
1 |
|
|a τ. 1: Γενικά χαρακτηριστικά του κοινοτικού δικαίου, θεσμικό πλαίσιο, δικαστικός έλεγχος
|
| 650 |
|
0 |
|a Court of justice of the European Communities
|
| 650 |
|
0 |
|a Law reports, digests, etc.
|x European Economic Community countries
|
| 650 |
|
4 |
|a Δικαστήριο των Ευρωπαϊκών Κοινοτήτων
|
| 650 |
|
4 |
|a Δικαστήριο των Ευρωπαϊκών Κοινοτήτων
|x Δίκαιο και νομοθεσία
|x Κωδικοποίηση
|
| 700 |
1 |
|
|a Boulouis, Jean
|
| 700 |
1 |
|
|a Chevallier, Roger-Michel
|
| 700 |
1 |
|
|a Ρόζος, Ν.
|
| 942 |
|
|
|2 ddc
|
| 952 |
|
|
|0 0
|1 0
|2 ddc
|4 0
|6 341_552000000000000_BOU
|7 0
|9 268236
|a MSLG
|b MSLG
|c BSC
|d 2021-01-17
|e 24
|f 0
|g 0.00
|l 0
|o 341.552 BOU
|p 2420000013403
|r 2021-01-17 00:00:00
|t 1
|w 2021-01-17
|y BK15
|x 19991111 0 1
|x GrPaTEI
|
| 971 |
|
|
|a .b25746625
|b 16-04-20
|c 13-09-16
|
| 999 |
|
|
|c 154518
|d 154518
|